000
00263 a2200097 4500
020
_a
9788126408085
100
_a
Vijayakumar Menon, ed.
245
_a
Puzhayude nattariv(പുഴയുടെ നാട്ടറിവ്)
260
_b
D C books
_c
2025
942
_c
OO
999
_c
115319
_d
115318